đŸŽ¶ Paroles "Le grand bleu" Soprano et MC Solaar - Statistiques

Statistiques générales
  • Ce quiz a Ă©tĂ© pris 19 fois
  • Le rĂ©sultat moyen est 299 sur 433
Statistiques - réponses
Mots % Correct
Ă 
100%
A
100%
a
100%
bleu
100%
bleu,
100%
bleu...
100%
Brandit
100%
c'
100%
C'
100%
Cupidon
100%
d'
100%
D'
100%
dans
100%
dans..
100%
Dans
100%
de
100%
En
100%
en
100%
en-
100%
est
100%
Est,
100%
et
100%
Et
100%
Glock
100%
grand
100%
j'
100%
J'
100%
l'
100%
L'
100%
la
100%
le
100%
Le
100%
les
100%
n'
100%
(nan)
100%
ne
100%
Odyssée
100%
Pénélope
100%
Phil,
100%
Poséidon
100%
Rambo 2
100%
(refrain)
100%
s'
100%
Soprano,
100%
Titanic
100%
un
100%
une
100%
y
100%
Yeah,
100%
des
92%
du
92%
Il
92%
il
92%
me
92%
qu'
92%
Qu'
92%
qui
92%
sa
92%
se
92%
tes'
92%
Car
85%
elle,
85%
elle
85%
Elle
85%
pas
85%
plus
85%
pour
85%
Pour
85%
que
85%
Ses
85%
ses
85%
(ses
85%
son
85%
Son
85%
Au
77%
ce
77%
cƓur
77%
Mais
77%
mais
77%
on
77%
ou
77%
par
77%
sur
77%
tout
77%
ai
69%
cet
69%
grands
69%
Lui
69%
lui
69%
mer
69%
non-
69%
pris
69%
Pris
69%
yeux,
69%
yeux
69%
amour
62%
homme
62%
jamais
62%
ont
62%
pu
62%
Quoi
62%
sans
62%
vie,
62%
amis
54%
avec
54%
cette
54%
mal
54%
mĂȘme
54%
noyé
54%
Noyé
54%
rĂȘve
54%
vu
54%
aurait
46%
avait
46%
belles
46%
chagrin
46%
ciel
46%
était
46%
ĂȘtre
46%
Faire
46%
fait
46%
impossible
46%
peut
46%
Plongé
46%
plonger
46%
vents
46%
veut
46%
bleus
38%
bleus ...)
38%
carcasses
38%
cible
38%
conquĂȘte
38%
Contre
38%
corsaires
38%
danger,
38%
dise,
38%
fond,
38%
Ăźle
38%
marées,
38%
pierres
38%
pirate
38%
prend
38%
recherche
38%
regard
38%
sang
38%
sirĂšne
38%
tas
38%
vague
38%
voyait
38%
appellent
31%
arcs-
31%
armes
31%
chanta
31%
connaĂźtre
31%
contraires
31%
feu
31%
fonds
31%
jeté
31%
malgré
31%
Malgré
31%
marins
31%
marins,
31%
mystĂšre
31%
océanique
31%
plusieurs
31%
port
31%
princesse
31%
prit
31%
Rende
31%
semble
31%
sera
31%
super,
31%
tempĂȘtes,
31%
tremble,
31%
trésor
31%
vagues
31%
Venue
31%
abysses
23%
amarrer
23%
ancre
23%
antarctique
23%
attachée
23%
attirent
23%
barque
23%
briquet
23%
buvant
23%
casting
23%
Coup
23%
délicatesse
23%
délinquance,
23%
guerre
23%
importe
23%
insensé
23%
ivresse
23%
juge
23%
mĂšne
23%
mieux
23%
noyer
23%
ordinaire,
23%
Persuadé
23%
pessimisme
23%
piller
23%
remonter
23%
rouge,
23%
sait
23%
sangle
23%
sens
23%
Seul
23%
stop
23%
surface
23%
tasse
23%
trinque
23%
aride,
15%
assemble
15%
brillait,
15%
chance
15%
chimérique
15%
dessine
15%
entendre
15%
GrĂące
15%
hasard
15%
idylle
15%
juste
15%
lestée
15%
Naissance
15%
naufragé
15%
octobre
15%
pleut
15%
porte
15%
Quitte
15%
ressemble,
15%
royauté
15%
sentence
15%
tsunami
15%
aire
8%
clémence,
8%
condamne
8%
époque,
8%
gang
8%
insensée
8%
jeux
8%
loyauté
8%
lys
8%
mec
8%
Moments
8%
parlé
8%
révélé
8%
saisi
8%
sorte
8%
noyauté
0%
Aucun quiz correspondant
Distribution des résultats
% des personnes avec chaque résultat
Percentile par nombre de réponses
Votre historique - résultats
Vous n’avez pas pris ce quiz